000 00344nam a2200145Ia 4500
008 230718s9999 xx 000 0 und d
041 _aEng.
082 _a332.9
_bNAG-E
100 _aNaguig Merssonin Isshad
245 0 _aEconomics of Pakeisen
260 _aPakistan
_bIlmi book house
_c1996
300 _a200
650 _aLaw
999 _c26404
_d26404